Практикум по исторической геологии

Opis bibliograficzny
1. autor: Рябчикова Э. Д. Элла Давыдовна
Streszczenie:В практикуме изложены четыре основные темы для проведения практических занятий по исторической геологии, а именно: 1. Руководящие формы фанерозоя. 2. Задания по методам историко-геологического анализа. 3. Тектоническая схема развития литосферы. Циклы тектогенеза. 4. История развития земной коры. Даны пояснения к выполнению заданий, образец отчёта и тесты для самопроверки. Работа рассчитана на студентов геологических специальностей и молодых преподавателей.
Język:rosyjski
Wydane: Томск, Изд-во ТПУ, 2004
Hasła przedmiotowe:
Format: Książka
KOHA link:https://koha.lib.tpu.ru/cgi-bin/koha/opac-detail.pl?biblionumber=81779

MARC

LEADER 00000nam0a2200000 4500
001 81779
005 20231031095335.0
035 |a (RuTPU)RU\TPU\book\87889 
090 |a 81779 
100 |a 20050923d2004 m y0rusy50 ca 
101 0 |a rus 
102 |a RU 
105 |a a j 001zy 
200 1 |a Практикум по исторической геологии  |f Э. Д. Рябчикова 
210 |a Томск  |c Изд-во ТПУ  |d 2004 
215 |a 80 с.  |c ил. 
320 |a Библиогр.: с. 79-80. 
330 |a В практикуме изложены четыре основные темы для проведения практических занятий по исторической геологии, а именно: 1. Руководящие формы фанерозоя. 2. Задания по методам историко-геологического анализа. 3. Тектоническая схема развития литосферы. Циклы тектогенеза. 4. История развития земной коры. Даны пояснения к выполнению заданий, образец отчёта и тесты для самопроверки. Работа рассчитана на студентов геологических специальностей и молодых преподавателей. 
610 1 |a историческая геология 
610 1 |a практикумы 
610 1 |a учебные пособия 
610 1 |a фанерозой 
610 1 |a руководящие формы 
610 1 |a литосфера 
610 1 |a тектонические схемы 
610 1 |a историко-геологический анализ 
610 1 |a земная кора 
610 1 |a история 
675 |a 551.7(076.5)  |v 3 
700 1 |a Рябчикова  |b Э. Д.  |c российский геолог  |c доцент Томского политехнического университета, кандидат геолого-минералогических наук  |f 1941-  |g Элла Давыдовна  |2 stltpush  |3 (RuTPU)RU\TPU\pers\26291 
801 1 |a RU  |b 63413507  |c 20050923  |g PSBO 
801 2 |a RU  |b 63413507  |c 20210122  |g PSBO 
942 |c BK